Medicine for disasters / (Record no. 3909)
[ view plain ]
| 000 -LEADER | |
|---|---|
| fixed length control field | 00819nam a22002651 4500 |
| 001 - CONTROL NUMBER | |
| control field | 010825361 |
| 003 - CONTROL NUMBER IDENTIFIER | |
| control field | ALUPE UNIVERSITY |
| 005 - DATE AND TIME OF LATEST TRANSACTION | |
| control field | 20220221085128.0 |
| 008 - FIXED-LENGTH DATA ELEMENTS--GENERAL INFORMATION | |
| fixed length control field | 921109s1988 enk 000 0 eng d |
| 015 ## - NATIONAL BIBLIOGRAPHY NUMBER | |
| National bibliography number | GB 87-44600 |
| 020 ## - INTERNATIONAL STANDARD BOOK NUMBER | |
| International Standard Book Number | 0723609497 |
| 035 ## - SYSTEM CONTROL NUMBER | |
| System control number | CURL Interim file ISBN04 record 117745 |
| 040 ## - CATALOGING SOURCE | |
| Transcribing agency | ALUPE UNIVERSITY |
| 050 ## - LIBRARY OF CONGRESS CALL NUMBER | |
| Classification number | RC86.7 |
| Item number | .M43 1988 |
| 092 ## - LOCALLY ASSIGNED DEWEY CALL NUMBER (OCLC) | |
| Classification number | D0501174788 |
| 245 00 - TITLE STATEMENT | |
| Title | Medicine for disasters / |
| Statement of responsibility, etc. | edited by Peter Baskett, Robin Weller ; with a foreword by John S.M. Zorab |
| 260 ## - PUBLICATION, DISTRIBUTION, ETC. | |
| Place of publication, distribution, etc. | London : |
| Name of publisher, distributor, etc. | John Wright, |
| Date of publication, distribution, etc. | c1988 |
| 300 ## - PHYSICAL DESCRIPTION | |
| Extent | xviii, 494 p ; |
| Dimensions | 24 cm |
| 650 #0 - SUBJECT ADDED ENTRY--TOPICAL TERM | |
| Topical term or geographic name entry element | Disaster medicine |
| 650 #0 - SUBJECT ADDED ENTRY--TOPICAL TERM | |
| Topical term or geographic name entry element | Medical emergencies |
| 700 1# - ADDED ENTRY--PERSONAL NAME | |
| Personal name | Baskett, Peter J. F. |
| 700 1# - ADDED ENTRY--PERSONAL NAME | |
| Personal name | Weller, Robin. |
| 942 ## - ADDED ENTRY ELEMENTS (KOHA) | |
| Source of classification or shelving scheme | |
| Koha item type | Book |
| Suppress in OPAC | BA |
| Withdrawn status | Lost status | Source of classification or shelving scheme | Damaged status | Not for loan | Permanent Location | Current Location | Shelving location | Date acquired | Source of acquisition | Total Checkouts | Full call number | Barcode | Date last seen | Price effective from | Koha item type | Public note | Copy number |
|---|---|---|---|---|---|---|---|---|---|---|---|---|---|---|---|---|---|
| AU LIBRARY | AU LIBRARY | Open Shelf | 21.02.2022 | DONATION FROM MOI UNIVERSITY | RC86.7 .M43 1988 | 28005543 | 21.02.2022 | 21.02.2022 | Book | BA | |||||||
| AU LIBRARY | AU LIBRARY | Open Shelf | 22.03.2022 | DONATION FROM MOI UNIVERSITY | RC86.7 .M43 1988 C2 | 28006032 | 22.03.2022 | 22.03.2022 | Book | SM | 2 |